Statistiques concernant trouve le personnage grey's anatomy

Cliquez ici pour prendre le quiz!

Statistiques générales

  • Ce quiz a été pris 158 fois
  • Le résultat moyen est 34 sur 58

Statistiques - réponses

Réponse% Correct
Meredith Grey
98%
Owen Hunt
91%
Cristina Yang
89%
Mark Sloan
89%
April Kepner
88%
Lexie Grey
87%
Alex Karev
86%
George O'Malley
84%
Miranda Bailey
83%
Callie Torres
81%
Ellis Grey
81%
Preston Burke
79%
Amelia Shepherd
78%
Arizona Robbins
78%
Derek Shepherd
78%
Izzie Stevens
78%
Jackson Avery
78%
Richard Webber
78%
Jo Wilson
77%
Teddy Altman
76%
Addison Montgomery
74%
Maggie Pierce
74%
Andrew DeLuca
72%
Catherine Avery
72%
Adele Webber
71%
Thatcher Grey
71%
Zola Grey Shepherd
69%
Ben Warren
67%
Sofia Robbins Sloan Torres
67%
Megan Hunt
66%
Carina DeLuca
64%
Leo Hunt
60%
Hariett Kepner Avery
59%
Harper Avery
59%
Erica Hahn
53%
Evelyn Hunt
53%
Bailey shepherd
52%
Carlos Torres
51%
Stephanie Edwards
51%
Denny Duquette
50%
Lea Murphy
50%
Atticus Lincoln
48%
Shane Ross
48%
Tom Koracik
45%
Levi Schmitt
44%
Charles Percy
33%
Heather Brooks
29%
Rose
29%
Olivia Harper
27%
Eliza Minnick
25%
Rebecca Pope
22%
Tuck Jones
19%
Reed Adamson
18%
Penny Blake
16%
Matthew Taylor
13%
Paul stadler
13%
Casey Parker
6%
Finn Dandridge
6%

Distribution des résultats

Percentile par nombre de réponses

% des personnes avec chaque résultat

Votre développement - résultats

Vous n’avez pas pris ce quiz